• 首页
  • 本馆介绍
  • 公告通知
  • 最新文献
  • 馆藏检索
  • 电子资源
  • 读者导购
  • 参考咨询
  • 我的图书馆
  • 登录
  • 详细信息显示
  • 放入我的书架
  • 预约/预借图书
  • 作者相关作品
  • 分类相关作品
  • 丛书相关作品
  • 出版社相关作品

书目信息

  • 表格格式
  • 工作单格式
  • 卡片格式
题名:
网络时代的中国
    
 
作者: 吕本富 , 郝叶力 编著
分册:  
出版信息: 北京   外文出版社有限责任公司  2018
页数: 329页
开本: 24cm
丛书名: 读懂中国丛书
单 册:
中图分类: F492.3
科图分类:
主题词: 互联网络--产业发展--研究--中国
电子资源:
ISBN: 978-7-119-11482-8
000 00953oam2 2200265 450
001 2249317833
005 20220930134211.75
010    @a978-7-119-11482-8@b精装@dCNY82.00
100    @a20181114d2018 em y0chiy50 ea
101 0  @achi
102    @aCN@b110000
105    @ay z 000yy
200 1  @a网络时代的中国@9wang luo shi dai de zhong guo@f吕本富,郝叶力编著
210    @a北京@c外文出版社有限责任公司@d2018
215    @a329页@d24cm
225 2  @a读懂中国丛书
330    @a本书记录了中国互联网发展史上的故事、现象、公司、人物、模式等,也分析了成功模式背后的密码。也是中国互联网的断代史,从流通、制造、生活、表达、治理等方面,给出了中国的经验和方式。
461  0 @12001 @a读懂中国丛书
510 1  @aUnderstanding China@zeng
606 0  @a互联网络@x产业发展@x研究@y中国
690    @aF492.3@v5
701  0 @a吕本富@9lv ben fu@c(企业管理)@4编著
701  0 @a郝叶力@9hao ye li@4编著
801  0 @aCN@b91MARC@c20181114
905    @aZUCC@dF492.3@e7
    
    网络时代的中国/吕本富,郝叶力编著.-北京:外文出版社有限责任公司,2018
    329页;24cm.-(读懂中国丛书)
    
    
    ISBN 978-7-119-11482-8(精装):CNY82.00
    本书记录了中国互联网发展史上的故事、现象、公司、人物、模式等,也分析了成功模式背后的密码。也是中国互联网的断代史,从流通、制造、生活、表达、治理等方面,给出了中国的经验和方式。
●
相关链接 在五车中查询图书 在当当中查询图书 在豆瓣中查询图书


正题名:网络时代的中国     索取号:F492.3/7         预约/预借

序号 登录号 条形码 馆藏地/架位号 状态 备注
1 2000908459   2000908459   第三书库/ [索取号:F492.3/7] 在馆    
2 2000908460   2000908460   第三书库/ [索取号:F492.3/7] 在馆    
3 2000908461   2000908461   第三书库/ [索取号:F492.3/7] 在馆    
山东省滨州职业学院图书馆 欢迎您!
大连网信软件有限公司© 版权所有